Bayesian cognitive modeling : (Record no. 20570)
[ view plain ]
| 000 -LEADER | |
|---|---|
| fixed length control field | 00922cam a22002535a 4500 |
| 001 - CONTROL NUMBER | |
| control field | 18247050 |
| 005 - DATE AND TIME OF LATEST TRANSACTION | |
| control field | 20151203151610.0 |
| 008 - FIXED-LENGTH DATA ELEMENTS--GENERAL INFORMATION | |
| fixed length control field | 140730s2013 nyua frb 001 0 eng d |
| 020 ## - INTERNATIONAL STANDARD BOOK NUMBER | |
| International Standard Book Number | 9781107603578 (pbk.) |
| 040 ## - CATALOGING SOURCE | |
| Original cataloging agency | UKMGB |
| Language of cataloging | eng |
| Transcribing agency | UKMGB |
| Modifying agency | YDXCP |
| -- | BTCTA |
| -- | RRR |
| -- | DEBBG |
| -- | DLC |
| -- | EG-ScBUE |
| 082 04 - DEWEY DECIMAL CLASSIFICATION NUMBER | |
| Classification number | 153.01519542 |
| Edition number | 22 |
| Item number | LEE |
| 100 1# - MAIN ENTRY--PERSONAL NAME | |
| Personal name | Lee, Michael D. |
| Fuller form of name | (Michael David), |
| Dates associated with a name | 1971- |
| 9 (RLIN) | 38830 |
| 245 10 - TITLE STATEMENT | |
| Title | Bayesian cognitive modeling : |
| Remainder of title | a practical course / |
| Statement of responsibility, etc | Michael D. Lee, Eric-Jan Wagenmakers. |
| 260 ## - PUBLICATION, DISTRIBUTION, ETC. (IMPRINT) | |
| Place of publication, distribution, etc | New York : |
| Name of publisher, distributor, etc | Cambridge University Press, |
| Date of publication, distribution, etc | 2013. |
| 300 ## - PHYSICAL DESCRIPTION | |
| Extent | xiii, 264 p. : |
| Other physical details | ill. ; |
| Dimensions | 26 cm. |
| 500 ## - GENERAL NOTE | |
| General note | Index : p. 263-264. |
| 504 ## - BIBLIOGRAPHY, ETC. NOTE | |
| Bibliography, etc | Bibliography : p. 252-262. |
| 650 #0 - SUBJECT ADDED ENTRY--TOPICAL TERM | |
| Topical term or geographic name as entry element | Cognitive science |
| General subdivision | Mathematical models. |
| Source of heading or term | BUEsh |
| 650 #0 - SUBJECT ADDED ENTRY--TOPICAL TERM | |
| Topical term or geographic name as entry element | Bayesian statistical decision theory. |
| Source of heading or term | BUEsh |
| 651 ## - SUBJECT ADDED ENTRY--GEOGRAPHIC NAME | |
| Source of heading or term | BUEsh |
| 653 ## - INDEX TERM--UNCONTROLLED | |
| Resource For college | Informatics and Computer Science |
| Arrived date list | August2015 |
| -- | December2015 |
| 700 1# - ADDED ENTRY--PERSONAL NAME | |
| Personal name | Wagenmakers, Eric-Jan. |
| 942 ## - ADDED ENTRY ELEMENTS (KOHA) | |
| Source of classification or shelving scheme | Dewey Decimal Classification |
| Withdrawn status | Lost status | Source of classification or shelving scheme | Damaged status | Not for loan | Koha collection | Home library | Current library | Shelving location | Date acquired | Source of acquisition | Cost, normal purchase price | Serial Enumeration / chronology | Total Checkouts | Full call number | Barcode | Date last seen | Date last borrowed | Cost, replacement price | Koha item type |
|---|---|---|---|---|---|---|---|---|---|---|---|---|---|---|---|---|---|---|---|
| Dewey Decimal Classification | Baccah | Central Library | Central Library | Lower Floor | 18/08/2015 | Purchase | 756.00 | 21759 | 1 | 153.01519542 LEE | 000039800 | 15/07/2025 | 13/03/2019 | 945.00 | Book - Borrowing |